000 00431nam a2200181Ia 4500
001 10403
005 20260306161830.0
008 260306t2006||||xx |||||||||||||| ||spa||
041 _aESP
082 _a923.2
_bA59
100 _aAnderson, Jon Lee
_eAUT
245 0 _aChe Guevara:
_buna vida revolucionaria
260 _c2006
300 _a753 páginas :
_c25 cm
650 _aGEN
654 _aCHU
942 _cLIB
_dJUS
_fJUS
_2ddc
_n
999 _c10403
_d10403